000 00897nam0a22002651 4500
001 v19\rc\1708078
005 20250619032910.0
035 _a(NLR Aleph) 004808502
090 _a4903449
_c4903449
100 _a20061002d1899 |||y0rusy50 ca
101 0 _arus
102 _aRU
105 _ay z |||||
200 1 _aДирижер бальных вечеров с исполнением обыкновенной кадрили или контрданс
_fСост. учитель танцев Э.Х. Кеворков
210 _aЕкатеринодар
_cтипо-лит. А.П. Сташевского
_d1899
215 _a16 с.
_d17
700 1 _aКеворков
_bЭ.Х.
_4220
801 0 _aRU
_bNLR
_gpsbo
801 0 _aRU
_bRuMoRGB
_2psbo
801 1 _aRU
_bProSoft-M
_2rusmarc
852 _aNLR
_j18.238.8.117
899 _aRuMoRGB
_jR 444/141
899 _aБАН
942 _cBOOK
980 _aNB